00314nam a2200121Ia 4500008004100000100003100041245004200072260003100114300001000145650001300155942000700168999001700175190216s9999||||xx |||||||||||||| ||und|| aCarter L R Huzan E 0aMicro Electronics And Micro Computers bTeach Yourself Booksc1981 a232 p aComputer cBK c33087d33087